000 01030nas a2200337 4500
001 BR2012006460
003 BR-BrBNA
005 20231205121048.0
007 ta
008 230509b bl.|||p| |||| 00| 00por d
040 _aBR-BrBNA
_bpor
_cBiblioteca Nacional de Agricultura
041 _a(Pt)
072 _aL50
100 1 _aYamamoto, K.C.M.
100 1 _aSilva, E.Y.T.
100 1 _aCosta, K.N.
100 1 _aSouza, M.S.
100 1 _aSilva, M.L.M.
100 1 _aAlbuquerque, V.B.
100 1 _aPinheiro, D.M.
100 1 _aBernabé, D.G.
100 1 _aOliva, V.N.L.S.
245 1 _aAvaliação fisiológica e comportamental de cães utilizados em terapia assistida por animais (TAA)
650 _aCÃO
650 _aCOMPORTAMENTO
650 _aTERAPIA
650 _aMÉTODO ESTATÍSTICO
773 0 _tArquivo Brasileiro de Medicina Veterinária e Zootecnia (Brazil)
_xISSN 0102-0935
_g(Jun 2012), v. 64(3) p. 568-576
_wBR2012006460
909 _a202311
_bLúcia
_c55
_dLúcia Elande
942 _2AGRIS
_n0
_cANA
999 _c221660
_d221660